Fundamentals of Nursing (Record no. 4540)

MARC details
000 -LEADER
fixed length control field 00404nam a22001697a 4500
008 - FIXED-LENGTH DATA ELEMENTS--GENERAL INFORMATION
fixed length control field 260218b |||||||| |||| 00| 0 eng d
020 ## - INTERNATIONAL STANDARD BOOK NUMBER
ISBN 9780323327404
100 ## - MAIN ENTRY--AUTHOR
Author Potter, Patricia A.
245 ## - TITLE STATEMENT
Title Fundamentals of Nursing
250 ## - EDITION STATEMENT
Edition statement 9th
260 ## - PUBLICATION, DISTRIBUTION, ETC. (IMPRINT)
Place of publication nill
Name of publisher Elsevier
Date of publication 2017
300 ## - COLLATION
Pagination xvii, 1365p.
Other physical details illus
650 ## - TRACINGS
Main Subject NURSING
942 ## - ADDED ENTRY ELEMENTS (KOHA)
Item type Books
050 ## - LIBRARY OF CONGRESS CALL NUMBER
Classification number RT41
Item number .P68
Holdings
Source of classification or shelving scheme Not for loan Permanent location Current location Date acquired Accession No. Full call number Barcode. Copy number Koha item type
Library of Congress Classification   Samuel Ogbemudia Main Library, University of Abuja Samuel Ogbemudia Main Library, University of Abuja 02/18/2026 2025/69314 RT41.P68 2026-0029 1 Books